000 02658nab a22006857a 4500
003 AR-RoUNA
022 _a450302075
040 _aAR-RoUNA
_bspa
041 _aspa
044 _aag
245 _amatéricos periféricos :
_n Nº19
300 _a126 p. :
_bCortes
_bplantas
_bplanos
_bCroquis
_c25x18 cm
505 0 _tINDICE
505 0 _tEDITORIAL
505 0 _aBarrale Marcelo/ Editorial. p. 8
505 0 _t2 PENSAMIENTO Y PROYECTO
505 0 _aCorrespondencia con Caveri. p. 16
505 0 _aAppiani Luis/ Imágenes de la Avenida. p. 22
505 0 _aConversaciones con Luis Appiani y Enrique Franco/ Espacio, construcción y deseo. p. 26
505 0 _aConversaciones con Luis Appiani y Marcelo Barrale/ Arquitectura y periferia. p. 32
505 0 _aAppiani Luis/ La arquitectura contemporánea en Rosario. p. 46
505 0 _t3 ENTREVISTAS - RAUL ÁNGEL GARRE. NIRE ROLDAN.
505 0 _aRaúl Ángel Garré. p. 52
505 0 _aFranco Enrique/ Entrevista a Raúl A, Garre. p. 53
505 0 _aNire Roldán. p. 60
505 0 _aBarrale Marcelo / Entrevista a Nire Roldán. p. 60
505 0 _t4 RECUERDOS PESADOS
505 0 _aFranco Enrique/ Una experiencia académica de formación integral. p. 66
505 0 _aSupersaxco Rolando/ Elogio de la contradicción. p .70
505 0 _aVillanova Alejandro/ Mesa para 100 personas. p. 72
505 0 _aGeminale Germán/ Atar al tiempo. p. 76
505 0 _aCabezudo Martín y Sebastián Cekada/ Appiani, el memorioso. p. 80
505 0 _aSantángelo Franco/ Dos volando. Proyecto Zona Cero. p. 82
505 0 _t5 CATALOGO
505 0 _aXilografías. p. 90
505 0 _aPinturas. p. 94
505 0 _aSerigrafías. p. 104
505 0 _aFotografías/ Serie Bares. p. 110
505 0 _aFotografías/ Serie juegos. p.113
505 0 _aFotografías/ Serie Ballet. p. 121
505 0 _aFotografías/ Serie Espacio cuerpo. p. 123
505 0 _t6 SOCIALES
505 0 _aFotografías de la cátedra. Arquitectos y Arquitectas. p. 128
600 0 _earq
_98051
600 0 _aBarrale, Marcelo
_d1952-
_earq
_94157
600 0 _98087
_aAppiani, Luis
600 0 _earq
_93900
600 0 _earq
_96516
600 0 _aValderrama, Ana María
_earq
_93184
600 0 _earq
_98102
650 0 _aViviendas Sociales
_9121
650 0 _aPeriferia
_9174
651 0 _aRosario (Santa Fe, Argentina)
_91246
773 0 _amatéricos periféricos
_dRosario, Santa Fe
_gnº19 ( 2025) p. 126
_x450302075
856 _uhttp://www.matericosweb.com/revistas
908 _aImp
942 _2udc
_cART
945 _aMBP
_d2017-08-04
980 _gCRON CRON
_61
_aMaricel Allasia
_8
999 _c12291
_d12291